000 00502nam a2200181Ia 4500
005 20250326124846.0
008 250326s9999 xx 000 0 und d
037 _aTextbook
040 _aFMSL
_beng
_cFMSL
041 _aeng
_2eng
084 _aX:8Dy7 L7
_qFMSL
100 _aApilado V P
_9738122
245 0 _aCases in ficial management
_cApilado V P; Ezzell J R And Others
260 _aNY
_bNY, West
_c1977
300 _a192p
942 _cTB
_hX:8Dy7 L7
999 _c1275534
_d1275534